[Event "Frankfurt Ch 2005"]
[Site "Ffm-Kalbach, LAZ"]
[Date "2005.05.23"]
[Round "4"]
[White "Stricker, Konstantin"]
[Black "Krüger, Manfred"]
[Result "1-0"]
[WhiteElo "1693"]
[BlackElo "1493"]
[PlyCount "69"]
[EventDate "2005.??.??"]

1. e4 e5 2. Nf3 Nc6 3. Bb5 a6 4. Ba4 Nf6 5. O-O b5 6. Bb3 Be7 7. Re1 d6 8. c3
O-O 9. h3 b4 10. d4 bxc3 11. bxc3 exd4 12. cxd4 Bb7 13. Nbd2 Nb4 14. Re3 a5 15.
a3 Nc6 16. Ng5 Nxd4 17. Ba2 Nd7 18. Ngf3 Nxf3+ 19. Nxf3 Bf6 20. Rb1 Qc8 21. Re2
Ne5 22. Ng5 Ba6 23. Reb2 Qd8 24. Qh5 Bxg5 25. Bxg5 Qd7 26. f4 Nc4 27. Bxc4 Bxc4
28. Rc1 Ba6 29. f5 f6 30. Be3 Qa4 31. Rxc7 Qxa3 32. Bc1 Qd3 33. Rbc2 Qxe4 34.
Rxg7+ Kxg7 35. Rc7+ 1-0

[Event "Frankfurt Ch 2005"]
[Site "Ffm-Kalbach, LAZ"]
[Date "2005.05.23"]
[Round "4"]
[White "Stein, Wolfgang"]
[Black "Scheerer, Michael"]
[Result "1/2-1/2"]
[WhiteElo "1676"]
[BlackElo "1383"]
[PlyCount "59"]
[EventDate "2005.??.??"]

1. e4 e6 2. d4 d5 3. Nc3 Bb4 4. a3 Bxc3+ 5. bxc3 c5 6. Rb1 Ne7 7. e5 O-O 8. Nh3
Nbc6 9. Bd3 f5 10. exf6 Rxf6 11. Bg5 Rf7 12. Qh5 g6 13. Qh4 c4 14. Be2 Qa5 15.
Bd2 Nf5 16. Qg5 Qxa3 17. O-O Qe7 18. Rfe1 Qxg5 19. Nxg5 Re7 20. Bg4 e5 21. dxe5
Rxe5 22. Bf3 Rxe1+ 23. Rxe1 Nfe7 24. Ne6 Bxe6 25. Rxe6 Kf7 26. Re1 Kf6 27. h4
a5 28. Bg5+ Kf7 29. Bg4 Nf5 30. Bf3 1/2-1/2

[Event "Frankfurt Ch 2005"]
[Site "Ffm-Kalbach, LAZ"]
[Date "2005.05.23"]
[Round "4"]
[White "Ludwig, Helmut"]
[Black "Pelda, Jaromir"]
[Result "1/2-1/2"]
[WhiteElo "1411"]
[BlackElo "1645"]
[PlyCount "95"]
[EventDate "2005.??.??"]

1. d4 c5 2. dxc5 e6 3. Nf3 Bxc5 4. e3 Nc6 5. Bd2 Nf6 6. c4 d5 7. Bc3 O-O 8. Bd3
dxc4 9. Bxc4 Qxd1+ 10. Kxd1 Ne4 11. Ke2 a6 12. Bd3 Nxc3+ 13. Nxc3 Nb4 14. Rhd1
Nd5 15. Nxd5 exd5 16. Bc2 Be6 17. Rac1 Be7 18. Nd4 Rac8 19. Bb3 Bf6 20. Nxe6
fxe6 21. Rxc8 Rxc8 22. e4 b6 23. exd5 exd5 24. Bxd5+ Kf8 25. Bb7 Rc2+ 26. Rd2
Rxd2+ 27. Kxd2 Bxb2 28. Bxa6 Bd4 29. f3 Ke7 30. Kd3 Bg1 31. h3 Ke6 32. Ke4 Kf6
33. f4 h6 34. g4 Bc5 35. Kf3 Bd6 36. h4 Ke6 37. Bc4+ Kf6 38. g5+ hxg5 39. hxg5+
Ke7 40. f5 Kf8 41. Ke4 Be7 42. g6 Bf6 43. Kd5 Ke7 44. Kc6 Bd4 45. Kd5 Bf2 46.
Ke5 Bg3+ 47. Kd5 Kf6 48. Bd3 1/2-1/2

[Event "Frankfurt Ch 2005"]
[Site "Ffm-Kalbach, LAZ"]
[Date "2005.05.23"]
[Round "4"]
[White "Grunenberg, Sven"]
[Black "Popp, Matthias"]
[Result "0-1"]
[WhiteElo "1428"]
[BlackElo "1578"]
[PlyCount "56"]
[EventDate "2005.??.??"]

1. d4 Nf6 2. c4 d6 3. Nf3 Nbd7 4. Nc3 e5 5. dxe5 dxe5 6. Bg5 Be7 7. Qc2 c6 8.
Rd1 Qc7 9. e3 O-O 10. Bd3 h6 11. Bh4 Nc5 12. Bf5 e4 13. Bxe4 Nfxe4 14. Nxe4
Nxe4 15. Qxe4 Qa5+ 16. Nd2 Bxh4 17. Qxh4 Qxa2 18. b4 Be6 19. Qd4 Qa3 20. c5 a5
21. O-O Qxb4 22. Qxb4 axb4 23. Rb1 Rfd8 24. Ne4 b3 25. f4 Bf5 26. Rxb3 Bxe4 27.
Rxb7 Ra2 28. Rfb1 Bxb1 0-1

[Event "Frankfurt Ch 2005"]
[Site "Ffm-Kalbach, LAZ"]
[Date "2005.05.23"]
[Round "4"]
[White "Kletzerman, Simon"]
[Black "Schukowski, Werner"]
[Result "1/2-1/2"]
[WhiteElo "1550"]
[BlackElo "1299"]
[PlyCount "166"]
[EventDate "2005.??.??"]

1. e4 e5 2. Nf3 Nc6 3. Bc4 Bc5 4. O-O d6 5. h3 Nd4 6. Nxd4 Bxd4 7. c3 Bb6 8. d4
exd4 9. cxd4 Ne7 10. Nc3 c6 11. d5 O-O 12. Bf4 Bc7 13. Re1 Ng6 14. Bg3 Ne5 15.
Bb3 Bd7 16. f4 Bb6+ 17. Bf2 Bxf2+ 18. Kxf2 Qh4+ 19. g3 Qf6 20. Kg2 Ng6 21. Rc1
c5 22. Ba4 Bc8 23. Rc2 a6 24. Rf2 b5 25. Bc2 Re8 26. Qh5 Qd4 27. e5 Bb7 28. Re4
Bxd5 29. Rfe2 Bxe4+ 30. Nxe4 dxe5 31. Ng5 h6 32. Bxg6 fxg6 33. Qxg6 hxg5 34.
fxg5 Qd5+ 35. Kh2 Qxa2 36. Qh5 Re6 37. g6 Rxg6 38. Qxg6 Rf8 39. h4 Qa1 40. Qe6+
Kh7 41. Qxe5 Qf1 42. Qh5+ Kg8 43. Qd5+ Qf7 44. Qxc5 Qc4 45. Qe5 a5 46. Kh3 b4
47. h5 a4 48. g4 a3 49. bxa3 bxa3 50. Qe6+ Qxe6 51. Rxe6 Rf2 52. Ra6 a2 53. g5
Kh7 54. Kg3 Rb2 55. Kf4 Rb4+ 56. Ke3 Rh4 57. Rxa2 Rxh5 58. Kf4 Rh4+ 59. Kg3 Rb4
60. Ra6 Rc4 61. Kf3 Rh4 62. Kg3 Rh1 63. Kg4 Rg1+ 64. Kf4 Rf1+ 65. Kg4 Rf8 66.
Kh5 Rf1 67. g6+ Kg8 68. Ra8+ Rf8 69. Ra7 Rf1 70. Ra8+ Rf8 71. Ra7 Rf5+ 72. Kg4
Rf6 73. Ra8+ Rf8 74. Ra7 Rb8 75. Rc7 Re8 76. Rb7 Rc8 77. Rd7 Rc4+ 78. Kf5 Rc5+
79. Ke6 Rc8 80. Ke7 Rf8 81. Rd8 Rxd8 82. Kxd8 Kf8 83. Kd7 Kg8 1/2-1/2

[Event "Frankfurt Ch 2005"]
[Site "Ffm-Kalbach, LAZ"]
[Date "2005.05.23"]
[Round "4"]
[White "Witt, Holger"]
[Black "Gößwein, Dorothee"]
[Result "0-1"]
[WhiteElo "1476"]
[BlackElo "1288"]
[PlyCount "100"]
[EventDate "2005.??.??"]

1. e4 c5 2. Nf3 Nc6 3. d4 cxd4 4. Nxd4 e5 5. Nb3 Be7 6. Nc3 Bg5 7. Bd2 Bxd2+ 8.
Qxd2 Nf6 9. O-O-O O-O 10. f3 a5 11. Kb1 a4 12. Nc1 Qb6 13. h4 Rd8 14. Nd5 Nxd5
15. exd5 Nd4 16. Bd3 d6 17. Ne2 Qc5 18. Nxd4 Qxd4 19. Be4 Qc4 20. g4 Bd7 21. h5
Rdc8 22. g5 a3 23. b3 Qc3 24. Qxc3 Rxc3 25. Rd3 Rac8 26. Rxc3 Rxc3 27. Bd3 g6
28. h6 Bf5 29. Be4 Bxe4 30. fxe4 Re3 31. Kc1 Rxe4 32. Rg1 b5 33. Kd2 Rd4+ 34.
Ke2 Rxd5 35. Rg4 Kf8 36. c4 bxc4 37. Rxc4 Ke7 38. Ra4 Ke6 39. Rxa3 Kf5 40. b4
Rb5 41. Rb3 d5 42. a4 Rb8 43. b5 d4 44. Rf3+ Ke4 45. Rxf7 d3+ 46. Kd2 Rc8 47.
Rxh7 Rc2+ 48. Kd1 Ke3 49. Rd7 Ra2 50. h7 Ra1# 0-1

[Event "Frankfurt Ch 2005"]
[Site "Ffm-Kalbach, LAZ"]
[Date "2005.05.23"]
[Round "4"]
[White "Adair, Monte"]
[Black "Liebert, Monika"]
[Result "1-0"]
[WhiteElo "1424"]
[BlackElo "1102"]
[PlyCount "106"]
[EventDate "2005.??.??"]

1. e4 e5 2. Nf3 Nc6 3. Bb5 d6 4. d3 Bd7 5. O-O h6 6. Be3 a6 7. Ba4 Nf6 8. c3 b5
9. Bc2 Be7 10. d4 O-O 11. d5 Na5 12. b3 Nh7 13. Nbd2 Bg4 14. b4 Nc4 15. Nxc4
bxc4 16. Qe2 Qd7 17. Bd1 Bxf3 18. Qxf3 Ng5 19. Qe2 Nxe4 20. Qxc4 Ng5 21. Bc2 f5
22. f4 exf4 23. Bxf4 Bf6 24. Bd2 Be5 25. Qd3 g6 26. Bxg5 hxg5 27. Rab1 Kg7 28.
c4 Rf6 29. Qd1 Rh8 30. g3 g4 31. Qd2 Rh5 32. Rf2 c5 33. bxc5 dxc5 34. Kf1 Bd4
35. Re2 Rf7 36. Re6 Re7 37. Rbe1 Rxe6 38. Rxe6 Qb7 39. Bb3 Kf7 40. Kg2 Qb4 41.
Qxb4 cxb4 42. Rxa6 g5 43. Bc2 Rh8 44. Bxf5 Rf8 45. Bxg4 Kg7 46. Bf3 Rf6 47.
Ra7+ Rf7 48. Rxf7+ Kxf7 49. h4 gxh4 50. gxh4 Ke7 51. h5 Kf6 52. Kg3 Be5+ 53.
Kg4 Bc3 {...} 1-0